Akio Morita and SoN.Y (Record no. 375)

MARC details
000 -LEADER
fixed length control field 00352nam a22001457a 4500
003 - CONTROL NUMBER IDENTIFIER
control field OSt
005 - DATE AND TIME OF LATEST TRANSACTION
control field 20160727222353.0
008 - FIXED-LENGTH DATA ELEMENTS--GENERAL INFORMATION
fixed length control field 160622b xxu||||| |||| 00| 0 eng d
040 ## - CATALOGING SOURCE
Transcribing agency test
100 ## - MAIN ENTRY--PERSONAL NAME
9 (RLIN) 453
Personal name Marshall, D,
245 ## - TITLE STATEMENT
Title Akio Morita and SoN.Y
260 ## - PUBLICATION, DISTRIBUTION, ETC. (IMPRINT)
Place of publication, distribution, etc. N.Y
Name of publisher, distributor, etc. Orient Longman Ltd.
Date of publication, distribution, etc. 1996
300 ## - PHYSICAL DESCRIPTION
Extent Akio Morita and SoN.Y
942 ## - ADDED ENTRY ELEMENTS (KOHA)
Source of classification or shelving scheme Dewey Decimal Classification
Koha item type BOOK
Holdings
Withdrawn status Lost status Source of classification or shelving scheme Damaged status Not for loan Home library Current library Shelving location Date acquired Total Checkouts Full call number Barcode Date last seen Price effective from Koha item type
    Dewey Decimal Classification     Good Samaritan School Library Good Samaritan School Library   06/22/2016   823 MAR621 06/22/2016 06/22/2016 BOOK

Powered by Koha